Swimming - Mac Miller - Statistics

General Stats
  • This quiz has been taken 193 times
  • The average score is 10 of 13
Answer Stats
Track # Answer % Correct
5 Self Care
89%
1 Come Back to Earth
87%
12 2009
84%
7 Ladders
83%
8 Small Worlds
80%
3 What's the Use?
76%
11 Jet Fuel
75%
2 Hurt Feelings
73%
10 Dunno
71%
6 Wings
69%
13 So It Goes
66%
4 Perfecto
65%
9 Conversation Pt. 1
62%
No matching quizzes found
Score Distribution
Percent of People with Each Score
Percentile by Number Answered
Your Score History
You have not taken this quiz